000 00750nam a2200253Ia 4500
003 OSt
005 20220918163427.0
006 a|||||r|||| 00| 0
007 ta
008 220917b |||||||| |||| 00| 0 eng d
020 _a0 7190 4266 6 (pbk)
024 _a240,162
037 _cTextual
040 _aARTS
_cARTS
_beng
041 _2eng
_aeng
082 _aO111944:gN9, N6
100 _aMoore - Gilbert Bart Ed.
_913083
245 0 _aWriting India 1757 - 1990
_b The literature of British India
260 _aNew York
_bManchester University Press U.S.A
_c1996
300 _ax, 271p.
_ccm.
650 _aENGLISH LITERATURE
942 _hO111944:gN9, N6
_cTEXL
_2CC
999 _c119539
_d119539